000 00404nam a2200169Ia 4500
005 20250228045647.0
008 240331s9999 xx 000 0 und d
082 _bRAN
_a954
100 _aRankine, E
245 0 _aIsland interlude
260 _aColombo
_bLake House Investments Ltd
_c1971
300 _a95 p .,
650 _aCeylon History
650 _aReligion
650 _aNationalism
942 _cL
999 _c3461
_d3461